[Event "North Wales Congress Major"]
[Site "Llandudno"]
[Date "2019.06.23"]
[Round "4.23"]
[White "Pinch, David"]
[Black "Williamson, Graham A"]
[Result "1/2-1/2"]
[WhiteElo "1673"]
[BlackElo "1789"]
[Annotator "kemen"]
[PlyCount "35"]
[EventDate "2019.??.??"]

{[%evp 0,35,25,25,87,53,70,11,17,-37,-9,-8,5,8,24,19,7,14,52,-6,33,-28,-44,-15,
-17,-25,-7,-23,-5,-10,-3,-4,-11,-9,5,-66,-71,-71]} 1. d4 f5 2. Bg5 Nf6 3. Bxf6
exf6 4. c4 (4. e3 {main}) 4... Bb4+ 5. Nd2 (5. Nc3 {main}) 5... O-O 6. Ngf3 (6.
a3 {main, 2 draws, 2 Bl wins}) 6... Qe7 (6... d5 7. e3 Kh8 8. a3 Bxd2+ 9. Qxd2
Be6 10. cxd5 Bxd5 11. O-O-O c6 12. Bd3 Be4 13. Rhg1 b5 14. Nh4 Qd5 15. f3 Bxd3
16. Qxd3 Nd7 17. Nxf5 {Yakhyaev-Kazakov, Astrakhan Gazprombank, 2013,1-0}) (
6... Re8 $14 {Cloud Engines}) 7. e3 (7. g3 {Komodo13 & Rudy}) 7... f4 8. Qb3
Bxd2+ (8... fxe3) 9. Nxd2 (9. Kxd2 fxe3+ 10. Qxe3 $11 {Komodo13}) 9... fxe3 (
9... Re8 $15 {Komodo13}) 10. Qxe3 Re8 11. Qxe7 Rxe7+ 12. Kd1 b6 (12... d6) 13.
Be2 Bb7 14. Bf3 Bxf3+ 15. Nxf3 Nc6 16. Kd2 Rae8 17. Rhe1 (17. Kc3 Re2 18. Rae1
$11) 17... Rxe1 18. Rxe1 (18. Rxe1 Rxe1 19. Kxe1 Nb4 20. Kd2 Nxa2 $17 {Komodo13
}) 1/2-1/2

[Event "North Wales Congress Major"]
[Site "Llandudno"]
[Date "2019.06.23"]
[Round "4.25"]
[White "Davies, Sam"]
[Black "Boulden, David"]
[Result "1-0"]
[WhiteElo "1693"]
[BlackElo "1825"]
[Annotator "kemen"]
[PlyCount "50"]
[EventDate "2019.??.??"]

{[%evp 0,50,80,48,109,66,54,-4,73,57,49,32,34,7,26,20,9,-4,18,-13,29,6,101,89,
78,89,99,101,93,111,175,175,311,303,410,374,455,480,526,521,537,529,605,616,
616,576,607,607,635,647,780,785,797]} 1. e4 c5 2. Nc3 e6 3. g3 b6 (3... Nc6 {
main}) 4. Bg2 Bb7 5. d3 Nc6 (5... Nf6) (5... d6) 6. f4 Nge7 7. Nf3 d5 8. O-O d4
(8... g6) (8... Qd7 {alternatives}) 9. Ne2 Qc7 $146 (9... g6 $11 {2-0}) (9...
f6 {0-1}) 10. c3 (10. Bd2 $16 {Komodo13}) 10... Rd8 11. cxd4 Nxd4 12. Nexd4
cxd4 13. Bd2 $18 {Wh is virtually fully developed, while the Bl K is still in
the centre} Nc6 14. Rc1 (14. f5 e5 15. f6 gxf6 16. Nh4 $18 {Komodo13}) 14...
Qb8 15. Qa4 $18 (15. Ng5 $18) (15. f5 $18) 15... b5 (15... Qd6 16. Ne5 Rc8 17.
Rc2 $18) 16. Qxb5 Ba8 17. Qa4 Bb4 18. Rxc6 O-O 19. Rc2 Bxd2 20. Nxd2 {Wh is a
clear piece up} e5 21. fxe5 Qxe5 22. Rf5 Qe6 23. Qxa7 Rd6 24. Rc7 Ra6 25. Rcxf7
$1 Qxf7 1-0

[Event "North Wales Congress Major"]
[Site "Llandudno"]
[Date "2019.06.23"]
[Round "4.26"]
[White "Carlucci, Paul A"]
[Black "Hirst, Joe"]
[Result "1/2-1/2"]
[WhiteElo "1769"]
[BlackElo "1604"]
[Annotator "kemen"]
[PlyCount "36"]
[EventDate "2019.??.??"]

{[%evp 0,36,25,33,13,28,49,17,10,17,8,8,35,16,5,0,19,18,45,43,21,28,28,43,49,
25,50,36,55,41,50,36,32,13,16,23,21,0,35]} 1. d4 Nf6 2. Nf3 g6 3. e3 Bg7 4. Be2
(4. Bd3 {is more active}) 4... O-O 5. O-O d6 6. b3 e5 (6... c5 7. Bb2 cxd4 8.
exd4 d5 9. Nbd2 {Carlucci-D Jones , rd2, 1/2-1/2}) 7. c4 $146 {Stockfish 17059}
(7. dxe5 Ng4) (7. Bb2 e4) 7... e4 8. Nfd2 c6 9. Ba3 Re8 10. Qc2 d5 {Its a
Reversed Kongs Indian Attack Reversed} 11. Nc3 Bf5 12. Rac1 Bf8 (12... Na6) (
12... Nbd7) 13. Bxf8 Kxf8 14. b4 a6 15. a4 Qd6 16. Qb3 Nbd7 17. b5 Kg7 18. Rb1
h5 $14 1/2-1/2

[Event "North Wales Congress Major"]
[Site "Llandudno"]
[Date "2019.06.23"]
[Round "4.27"]
[White "Barber, Andrew"]
[Black "Bridgeman, Niamh"]
[Result "1/2-1/2"]
[WhiteElo "1860"]
[BlackElo "1478"]
[Annotator "kemen"]
[PlyCount "45"]
[EventDate "2019.??.??"]

{[%evp 0,45,25,-29,40,30,21,8,43,18,20,12,58,-3,-13,-11,-11,-17,37,-3,18,2,9,
-3,-10,-24,-7,-13,-30,-64,-68,-67,-84,-84,-80,-69,-69,-74,-73,-59,-56,-58,-39,
-42,-9,-5,11,-1]} 1. c4 f5 2. g3 Nf6 3. Bg2 d6 4. Nc3 e5 (4... g6) 5. d3 c6 (
5... Be7) (5... g6) 6. e4 (6. Nf3) 6... Be7 7. Nge2 O-O 8. O-O Qe8 (8... Na6) (
8... Be6) 9. Bd2 $146 (9. f3) (9. f4) 9... Qh5 (9... fxe4) 10. Nc1 Qxd1 {after
this the game just fizzles out} (10... Qg6) 11. Rxd1 Na6 12. a3 Nc7 13. h3 Be6
14. Re1 (14. b3) 14... fxe4 15. Nxe4 Nxe4 16. Rxe4 Bf5 $15 17. Re2 Ne6 18. Be3
Bg5 (18... a5) 19. Rd2 Bxe3 20. fxe3 Rae8 21. Nb3 Re7 22. Rf1 Bg6 23. Rxf8+ $11
1/2-1/2

[Event "North Wales Congress Major"]
[Site "Llandudno"]
[Date "2019.06.23"]
[Round "4.28"]
[White "Connor, Michael I"]
[Black "Gamble, Raymond J"]
[Result "0-1"]
[WhiteElo "1639"]
[BlackElo "1852"]
[Annotator "kemen"]
[PlyCount "68"]
[EventDate "2019.??.??"]

{[%evp 0,68,19,31,33,-16,4,-24,-17,-24,16,14,1,-13,14,2,19,-3,7,13,9,5,-3,-18,
20,26,26,-14,36,31,37,38,59,29,54,24,77,19,43,-67,-65,-60,-45,-122,-84,-146,
-146,-176,-182,-283,-295,-304,-324,-449,-443,-468,-468,-523,-386,-386,-93,-228,
-208,-370,-366,-411,-420,-1118,-1194,-1420,-1442]} 1. d4 e6 2. c4 Nf6 3. g3 d5
4. Bg2 Be7 5. Nf3 O-O 6. O-O Nbd7 7. Qc2 c6 8. Rd1 (8. Nbd2 {main}) 8... b6 9.
b3 Bb7 (9... Ba6 {also}) 10. Nc3 Rc8 11. Bb2 (11. e4 {more frequent}) 11... Qc7
12. Rac1 Qb8 {67% for Wh} 13. h3 $146 (13. e4 {67% for Wh}) (13. Qb1 {25% for
Wh}) 13... dxc4 {gives up a bit of centre control} (13... c5 $11) 14. bxc4 c5
15. d5 $16 exd5 16. cxd5 (16. Nxd5) 16... Rfe8 17. e4 a6 18. a4 (18. e5 $18
Nxe5 19. Nxe5 Qxe5 20. d6 Bxg2 21. Kxg2 Qe6 (21... Bxd6 22. Nb5 axb5 23. Bxe5
Bxe5 24. a3 $18) 22. dxe7 $18 {Komodo13}) 18... Bd6 (18... c4 19. e5 Nxe5 20.
Nxe5 Qxe5 21. d6 Bxg2 22. Kxg2 Bxd6 23. Nb5 c3 24. Bxc3 axb5 25. Bxe5 Rxc2 26.
Rxc2 Bxe5 27. f4 Bb8 28. axb5 h5 $15) 19. Ne2 $2 {perhaps hoping for a K side
attack} (19. Rb1 $16) 19... Nxe4 20. Nh4 Nef6 21. f4 (21. Nf5) 21... Qa8 (21...
b5 $19) (21... c4 $19) 22. Qc4 b5 23. axb5 axb5 24. Qd3 c4 25. Qd2 Bc5+ 26. Kh2
Be3 27. Qc3 Bxc1 28. Nxc1 Nb6 29. Nf5 Nbxd5 {and the centre has gone} 30. Bxd5
Bxd5 31. Nxg7 {the problem is that the Wh K is more insecure than the Bl one}
Qa7 $1 32. Rf1 Ne4 33. Qf3 Nd2 $1 34. Qxd5 Nxf1+ (34... Nxf1+ 35. Kh1 (35. Kg2
Ne3+) 35... Re1 36. Bd4 Ne3+ 37. Kh2 Nxd5 38. Bxa7 Kxg7 $19) 0-1

[Event "North Wales Congress Major"]
[Site "Llandudno"]
[Date "2019.06.23"]
[Round "4.29"]
[White "Dean, Robert A"]
[Black "Bush, Ian"]
[Result "0-1"]
[WhiteElo "1807"]
[BlackElo "1578"]
[Annotator "kemen"]
[PlyCount "72"]
[EventDate "2019.??.??"]

{[%evp 0,72,51,19,84,55,81,81,78,20,43,56,101,65,28,-20,51,20,30,22,19,-40,-42,
41,29,-86,-60,-22,-34,-49,-47,-55,-55,-98,-84,-39,-48,-30,0,0,0,0,0,-101,-50,
-47,0,-93,-3,-241,-117,-184,-77,-465,-268,-410,-179,-131,192,-244,-283,-369,
-116,-178,0,0,0,-316,-316,-477,-493,-1592,-1037,-29999,-30000]} 1. e4 d6 2. d4
Nf6 3. Nc3 g6 4. f4 Bg7 5. Nf3 c5 6. e5 (6. Bb5+ {more frequent}) 6... Nfd7 7.
Bc4 {a very sharp line, though scarcely considered in the theory books} (7.
exd6 O-O {main}) (7. e6) (7. dxc5 {other possibilities}) 7... O-O (7... cxd4 {
main, 32% for Wh} 8. Qxd4 (8. Bxf7+ Kxf7 9. e6+ Ke8 {gets better results than}
(9... Kg8 {1 win each, 4 draws}) 10. exd7+ Bxd7 11. Nxd4 Nc6 $15 {2 draws, 2
Bl wins})) 8. e6 Nb6 9. exf7+ Kh8 10. Bd3 {56% Wh} (10. Be2 {main, only scores
42% after} cxd4 11. Nxd4 $11) (10. h4 Nxc4 {84% for Wh, early scepticism from
the Cloud Engines notwithstanding} 11. h5 Bf5 12. hxg6 Bxg6 13. f5 Bxf5 14. Ng5
$16 {after the Cloud Engines dismissed the attack as inadequate, delivers 4-0})
10... cxd4 11. Ne4 Rxf7 12. Nfg5 {3 Wh wins & a draw} (12. h4 $16 {preferred
by the Cloud Engines}) 12... Rf8 (12... Rf5 {1.5-0.5}) 13. Nxh7 (13. h4 $16 {
FRitz15 & Komodo13}) 13... Kxh7 14. Ng5+ Kg8 15. Bxg6 Nd5 (15... Bf5 16. Qh5
Bxg6 17. Qxg6 Rf6 18. Qh7+ Kf8 19. f5 Nc4 20. O-O Nd7 21. Ne6+ Rxe6 22. fxe6+
Nf6 23. Bh6 Bxh6 24. Qf7# {Wodzynski-Karpinski, POL ch tm Kujawsko Pomorskie
2007,1-0}) 16. Bh7+ (16. Qh5 Nf6 17. Bh7+ {transposes}) 16... Kh8 17. Qh5 Nf6
18. Qh4 $11 Qa5+ (18... Qb6 19. Bg6+ Kg8 20. O-O $14 {Komodo13}) 19. Bd2 $18
Qb6 20. Bg6+ (20. O-O $18) 20... Kg8 21. Nh7 (21. O-O $18) 21... Qxb2 (21...
Qc5 $17) 22. O-O Nbd7 (22... d3 $11 {Komodo13}) 23. Nxf8 (23. Rae1 $18 {Wh is
fully mobilized while Bl has several pieces including his Q cut off on the Q
side. Komodo13 now starts shedding material to stop a R invasion on e7}) 23...
Nxf8 (23... Kxf8 $17) 24. f5 (24. Bd3 $14 {Komodo13}) 24... d3 (24... Qxc2 $19)
25. Rac1 (25. Rae1 e6 26. Kh1 Bd7 27. Bh6 Bc6 28. Bxg7 Kxg7 29. Qg5 dxc2 30.
Be8+ Kh8 31. Bxc6 N8h7 32. Qd2 bxc6 33. fxe6 (33. Qxd6 Rg8 34. Qxc6 Nd5 $17)
33... d5 $15 {Komodo13}) 25... e6 (25... dxc2 $19) 26. Bb4 dxc2 (26... exf5 $19
) 27. Kh1 b6 28. Bxd6 Bb7 29. Qh3 (29. Bxf8 $1 Kxf8 {Komodo13} (29... Rxf8 30.
fxe6 $18) 30. fxe6 Rc8 31. Qg5 $16 (31. e7+ Kxe7 32. Qf4 Kf8 33. Bh7 $14))
29... Ba6 (29... Be4 $19) 30. Rg1 (30. Rfe1) 30... Nxg6 (30... Ne4 31. Qf3 Bd3
32. Rge1 Qd4 $19 {Komodo13}) 31. fxg6 Qxa2 (31... Re8 $19) 32. Be5 (32. Be7 Rf8
33. Rge1 Qc4 34. Rxe6 Qf4 35. Ree1 Qg4 $11 {Komodo13}) 32... Rf8 33. Qh4 (33.
Rxc2 Qxc2 (33... Qd5 34. Bxf6 Rxf6 35. Qh7+ Kf8 36. Rc7 $18) 34. Qxe6+ Kh8 35.
Qh3+ Kg8 36. Qe6+ $11 {Komodo13}) 33... Bd3 $19 34. Qd4 Qd5 35. Qc3 Ng4 (35...
Ne4) 36. Bxg7 Nf2# 0-1

[Event "North Wales Congress Major"]
[Site "Llandudno"]
[Date "2019.06.23"]
[Round "4.30"]
[White "Szwajkun, Richard"]
[Black "Lambert, John F"]
[Result "1-0"]
[WhiteElo "1574"]
[BlackElo "1788"]
[Annotator "kemen"]
[PlyCount "93"]
[EventDate "2019.??.??"]

{[%evp 0,93,34,34,25,20,14,15,8,31,25,17,28,15,41,44,102,68,113,77,77,44,62,67,
136,80,68,68,84,54,62,51,83,83,81,99,161,154,186,150,169,174,165,148,143,86,94,
33,104,136,133,129,166,168,176,192,194,142,171,180,220,200,185,197,262,255,265,
254,253,253,252,255,273,285,306,255,405,303,378,384,399,401,504,447,453,469,
471,471,480,664,1014,1022,1390,651,731,1012]} 1. d4 d5 2. Nf3 e6 3. Bg5 Nf6 4.
Nbd2 Be7 5. e3 Nbd7 6. c4 (6. Bd3) 6... c6 (6... O-O) 7. Bd3 Qc7 (7... O-O) 8.
Qc2 (8. O-O) 8... Nf8 (8... h6 9. Bh4 O-O {1 game each}) 9. Ne5 (9. Rd1 $16)
9... Ng6 10. Ndf3 Qa5+ 11. Ke2 $14 (11. Kf1 $16) 11... Nd7 (11... c5) 12. Bxe7
(12. Bxg6) 12... Ndxe5 13. Nxe5 Kxe7 (13... Nxe7) 14. f4 Bd7 15. a3 (15. Bxg6 {
gives Wh a good N vs bad B [osition}) 15... c5 (15... Nxe5) 16. Nxd7 Kxd7 17.
b4 $18 {the Bl K is more exposed than the Wh one} Qc7 18. cxd5 (18. bxc5 {goes
a clear pawn up}) 18... exd5 19. Bb5+ Ke7 20. dxc5 (20. bxc5) (20. Qxc5+) 20...
Rhd8 21. Rhd1 Kf8 22. Kf2 (22. g3) 22... d4 23. g3 dxe3+ 24. Kxe3 Kg8 25. Rxd8+
Rxd8 26. Rd1 $18 Ne7 27. Rxd8+ Qxd8 28. Bc4 (28. Qd3 $1) 28... Qd7 29. Qd3 Nf5+
30. Kd2 Qxd3+ 31. Kxd3 $18 {Wh is a clear pawn up} Ne7 32. Ke4 Kf8 33. Ke5 Ke8
34. Kd6 (34. g4) 34... Kd8 35. Bxf7 Nf5+ 36. Ke5 Ne3 37. Bd5 Ng4+ 38. Ke6 (38.
Kd6) 38... Kc7 39. Kf7 g6 40. Kg7 a6 41. Bg8 (41. h4) 41... Nxh2 42. Bxh7 Nf1
43. Bxg6 Nxg3 44. f5 Nxf5+ 45. Bxf5 b6 46. cxb6+ Kxb6 47. a4 1-0

[Event "North Wales Congress Major"]
[Site "Llandudno"]
[Date "2019.06.23"]
[Round "4.31"]
[White "Holland, Ray J"]
[Black "Hawthorne, Julian N"]
[Result "1-0"]
[WhiteElo "1766"]
[BlackElo "1344"]
[Annotator "kemen"]
[PlyCount "87"]
[EventDate "2019.??.??"]

{[%evp 0,87,24,-34,20,25,52,25,14,14,29,-2,8,-1,-1,11,-3,2,9,-23,0,5,-7,-7,-8,
0,-11,-8,43,1,5,21,45,39,57,57,57,87,231,202,243,248,242,270,319,195,317,368,
345,346,419,465,445,369,356,340,560,392,444,465,528,538,519,496,524,536,559,
569,1000,690,850,918,1374,1434,1434,1609,1995,1401,2524,980,983,1042,1468,940,
1913,962,1223,1012,1368,2064]} 1. c4 c5 2. Nc3 g6 3. g3 Bg7 4. Bg2 Nf6 5. d3
O-O 6. Nf3 (6. e4) 6... d6 7. O-O Nc6 8. a3 Bd7 (8... a6) 9. h3 (9. Rb1 {main,
consistent with previous move}) 9... Re8 (9... Rb8 {main}) 10. Bd2 $11 (10. Rb1
a5 11. e3 Rb8 12. Re1 e5 13. Ng5 h6 14. Nge4 Nxe4 15. dxe4 {Zilic-Mikulinjak,
CRO ch tm, Medulin 1997,1-0}) 10... Qc8 11. Kh2 a6 12. Rb1 Rb8 13. b4 Nd8 (
13... Nd4 $5) 14. b5 (14. bxc5) 14... axb5 15. Nxb5 Bxb5 (15... Ra8 $11) 16.
Rxb5 $14 Ra8 17. Qb3 Nc6 18. Rb1 $16 d5 $2 (18... Nd8 19. Ba5 Ne6 20. Bc3 Nd8
21. Qb2 $16 {Komodo13}) 19. cxd5 $18 Nd4 20. Nxd4 cxd4 21. Rxb7 Qf5 22. Bf3 (
22. f4) (22. Kg1) 22... g5 23. d6 $1 g4 24. hxg4 Nxg4+ 25. Kg2 Ne5 26. Rxe7 $18
(26. Be4 $1 $18) (26. d7 $18) 26... Nxf3 27. exf3 (27. Rxe8+ Rxe8 28. exf3)
27... Bf8 28. Rxe8 (28. g4 Qg6 29. Rxe8 Rxe8 30. d7 {Komodo13}) 28... Rxe8 29.
Bf4 Qf6 30. Qd5 (30. d7) (30. Qb5) 30... Rd8 31. Rb6 (31. d7 Qe7 32. Rb7) 31...
h6 32. Be5 (32. Qc5) 32... Qf5 33. Qxd4 h5 34. a4 (34. Bf6 Rd7 35. Rb8 $18 {
mating}) 34... h4 35. Qxh4 Qxe5 36. Qxd8 Kg7 37. Rb5 Qd4 38. Qg5+ Kh8 39. Qe5+
Qxe5 40. Rxe5 Bxd6 41. Rd5 Be7 42. Rd7 (42. a5) 42... Bc5 43. Rxf7 Kg8 44. Rb7
1-0

[Event "North Wales Congress Major"]
[Site "Llandudno"]
[Date "2019.06.23"]
[Round "4.32"]
[White "Parri, Deio"]
[Black "Banerjee, Sanjoy K"]
[Result "1/2-1/2"]
[WhiteElo "1651"]
[BlackElo "1571"]
[Annotator "kemen"]
[PlyCount "56"]
[EventDate "2019.??.??"]

{[%evp 0,56,24,24,31,-9,-3,4,33,-24,2,-6,16,15,3,-20,19,16,3,5,1,-9,12,5,18,-5,
4,0,19,-10,-4,-24,-30,-15,-22,-35,-11,-32,-35,-23,-36,-33,7,9,10,2,-20,-12,-22,
-13,0,0,0,0,0,0,26,8,11]} 1. d4 Nf6 2. c4 e6 3. Nc3 Bb4 4. Qc2 O-O 5. Nf3 (5.
a3) 5... c5 6. e3 (6. dxc5) 6... d5 (6... b6) 7. Bd3 cxd4 (7... Nc6) 8. exd4
dxc4 9. Bxc4 b6 (9... Nc6) 10. Bg5 (10. O-O {main}) 10... Ba6 (10... Bb7 {1/2})
(10... Nbd7 {1/2}) 11. Bxa6 Nxa6 12. O-O $11 Be7 13. Rfe1 Nb4 14. Qe2 Nbd5 15.
Nxd5 Nxd5 16. Bxe7 Qxe7 17. Rac1 Qf6 18. Qe5 Qxe5 (18... Rfc8) 19. dxe5 Nb4 20.
Re4 Rac8 (20... Nd3 $15) 21. Rec4 Rxc4 22. Rxc4 Nxa2 23. Ra4 Nc1 24. Rxa7 Nd3
25. Rb7 Rc8 26. h3 Nxb2 27. Rxb6 Nc4 28. Rb1 h6 $11 1/2-1/2

[Event "North Wales Congress Major"]
[Site "Llandudno"]
[Date "2019.06.23"]
[Round "4.33"]
[White "Fisher, Peter S"]
[Black "Wells, Barrie"]
[Result "0-1"]
[WhiteElo "1788"]
[BlackElo "1281"]
[Annotator "kemen"]
[PlyCount "56"]
[EventDate "2019.??.??"]

{[%evp 0,56,24,32,78,68,84,44,87,42,53,65,48,60,68,49,73,40,34,34,34,30,33,29,
56,45,54,24,29,20,32,32,26,34,73,66,110,118,132,51,42,-127,-317,-329,-317,-277,
-291,-392,-346,-506,-506,-735,-826,-846,-855,-881,-893,-940,-941]} 1. e4 g6 2.
d4 Bg7 3. Nf3 d6 4. c4 a6 5. Be2 Nf6 6. Nc3 O-O 7. h3 c5 8. O-O cxd4 9. Nxd4
Nc6 10. Be3 Bd7 11. Qd2 Rc8 12. Rac1 {115 games} Nh5 $146 (12... Nxd4) (12...
Re8) (12... Ne5 {main lines}) 13. b3 (13. Bxh5 gxh5 14. Nf3 $16 {Komodo13})
13... Nxd4 14. Bxd4 Bxd4 15. Qxd4 Nf4 16. Bf3 e5 (16... b5) (16... Bc6) 17.
Qxd6 Nxh3+ $6 18. gxh3 Qg5+ 19. Kh2 (19. Kh1 $1 Bxh3 20. Nd5 $18 {Komodo13})
19... Qf4+ 20. Kg2 $2 (20. Kg1 Bxh3 21. Qd3 Bxf1 22. Rxf1 $16) 20... Bxh3+ $17
21. Kxh3 Qxf3+ 22. Kh2 Qf4+ (22... Qh5+) 23. Kh1 Rcd8 (23... Rfd8) 24. Qc5 Rd3
25. f3 (25. Qe3 $5) 25... Rd2 26. Rf2 Rxf2 27. Qxf2 Qxc1+ 28. Kg2 Qxc3 0-1

[Event "North Wales Congress Major"]
[Site "Llandudno"]
[Date "2019.06.23"]
[Round "4.34"]
[White "Ashcroft, Graham J"]
[Black "Lee, Michael A"]
[Result "1-0"]
[WhiteElo "1823"]
[BlackElo "1472"]
[Annotator "kemen"]
[PlyCount "103"]
[EventDate "2019.??.??"]

{[%evp 0,103,32,-17,-29,-74,-44,-44,-11,-9,10,15,47,0,181,50,47,34,48,75,75,39,
43,48,44,31,28,34,33,33,33,41,48,14,157,168,209,210,230,192,182,167,167,174,
172,149,151,135,141,132,111,99,127,121,120,121,204,184,222,225,230,231,252,165,
169,162,123,118,112,108,194,234,251,229,306,306,301,306,309,309,309,318,312,
311,345,375,375,358,358,396,396,396,396,374,395,387,400,363,464,458,481,531,
1131,1311,1243,1379]} 1. c4 e5 2. g3 Nc6 3. Bg2 f5 4. Nc3 Bb4 (4... Nf6) 5. Nd5
Nf6 (5... Bc5) 6. e3 (6. a3 {main}) 6... d6 7. Ne2 O-O 8. O-O Nxd5 9. Bxd5+ (9.
cxd5) 9... Kh8 10. d4 Ne7 11. Bg2 c6 12. a3 Ba5 13. b4 Bc7 14. Bb2 Be6 {Cloud
Engines} (14... Ng6 15. d5 Bd7 16. Qd2 cxd5 17. cxd5 Bb6 18. Rfd1 Qg5 19. Rf1
f4 {Korov-Starcevic, Zagreb op 2009,0-1}) 15. Rc1 Rc8 16. c5 (16. b5 $14) 16...
Qd7 (16... e4 $11) 17. cxd6 Bxd6 18. dxe5 $18 Bc7 19. Nf4 (19. Qxd7 Bxd7 20.
Rfd1 $18 {Komodo13}) 19... Nd5 20. Nxe6 Qxe6 21. Bxd5 cxd5 22. f4 (22. Qa4)
22... Bb6 23. Qd2 Rc4 24. Bd4 (24. a4 $18) (24. Rfd1 $18) 24... Bxd4 25. exd4
Rfc8 (25... b5 26. a4 a6 27. axb5 axb5 28. Rxc4 bxc4 29. Ra1 h5 30. Ra5 $18 {
Komodo13}) 26. Rxc4 Rxc4 27. Rc1 Qc6 28. Rxc4 Qxc4 29. e6 $18 (29. Qe3 $18)
29... Kg8 30. Qe3 Kf8 31. e7+ (31. Qe5 Ke7 32. Qxg7+ Kxe6 33. Qe5+ Kf7 34.
Qxf5+ Kg8 35. Qe6+ Kf8 36. Qf6+ Kg8 37. Kg2 $18 {Komodo13}) 31... Ke8 32. Qe5
Qd3 33. Qb8+ Kxe7 34. Qxb7+ Kf8 35. Qa8+ Ke7 36. Qxa7+ Kd6 37. Qc5+ Ke6 38.
Qc6+ Ke7 39. Qc7+ Kf8 40. Qd8+ Kf7 41. Qxd5+ Ke7 42. Qe5+ Kd8 43. Qd6+ (43. d5
$18) 43... Kc8 44. Qf8+ Kb7 45. Qxg7+ Kb6 46. Qf6+ (46. Qe5) 46... Kb5 47. Qe5+
Ka4 48. d5 (48. Kg2) 48... Qd1+ 49. Kg2 Kxa3 50. b5 Kb4 51. b6 Kc5 52. b7 1-0

[Event "North Wales Congress Major"]
[Site "Llandudno"]
[Date "2019.06.23"]
[Round "4.35"]
[White "Smith, Andrew Pe"]
[Black "Jones, Dewi"]
[Result "0-1"]
[WhiteElo "1668"]
[BlackElo "1532"]
[Annotator "kemen"]
[PlyCount "92"]
[EventDate "2019.??.??"]

{[%evp 0,92,19,36,25,10,19,11,26,49,44,23,48,55,41,5,16,15,16,11,36,-11,-11,
-11,23,26,20,9,17,-5,-4,-1,-25,-15,-8,-68,-71,-50,-54,-178,-161,-181,-184,-197,
-181,-233,-134,-181,-154,-149,-164,-147,-137,-121,-117,-136,-87,-120,-129,-139,
-144,-140,-130,-141,-130,-134,-128,-142,-122,-125,-116,-118,-117,-115,-107,
-109,-107,-107,-114,-150,-153,-161,-117,-207,-139,-141,-198,-219,-214,-208,
-222,-221,-262,-273,-224]} 1. e4 e5 2. d4 exd4 3. Nf3 d5 (3... Nc6) (3... Bb4+
{main lines}) 4. Qxd4 Nc6 (4... Nf6) (4... dxe4) 5. Qxd5 (5. Bb5) 5... Qxd5 6.
exd5 Nb4 7. Bd3 (7. Bb5+ Bd7 8. Bxd7+ Kxd7 9. Ne5+ Ke8 $11 {1.5-0.5}) 7...
Nxd3+ (7... Bd6 8. O-O Ne7 9. Bg5 f6 10. Be3 Nexd5 11. a3 Nxd3 12. cxd3 Bf5 {
Hayashi-Hayakawa,JPN ch ICCF 2008.0-1}) 8. cxd3 Nf6 (8... Bf5) 9. Nc3 Bb4 10.
Bd2 O-O 11. O-O Bxc3 (11... Bf5) (11... Re8) 12. bxc3 Nxd5 $11 13. c4 Nb6 14.
Rac1 Bf5 15. Rc3 Rad8 16. d4 Bg4 (16... Rfe8 {Bl feels more comfortable, with
much better development}) 17. Ne5 (17. Be3) 17... Rxd4 18. Be3 Re4 $15 19. f4 (
19. Nxg4 Rxg4 20. Rb1 h6 21. h3 $11 {Komodo13}) 19... Be2 $19 (19... Be6 $19)
20. Rfc1 f6 21. Nf3 Nxc4 22. Bc5 Nd6 (22... Rd8 23. Bxa7 b6 $19 {Komodo13}) 23.
Kf2 (23. Bxd6 cxd6 24. Rc7 Rb8 25. Rd7 Rc4 $17 {Komodo13}) 23... Rfe8 24. Bxd6
cxd6 25. Rc7 Bxf3 26. Kxf3 R4e7 27. R7c3 (27. Rxe7 Rxe7 28. Rc8+ Kf7 29. f5 $17
{makes life a little trickier for Bl, who should, however, still be able to win
}) 27... d5 28. Rd3 Rd8 29. Rcd1 Red7 30. Rd4 Kf7 $19 31. f5 b5 32. a3 a5 33.
R1d3 Rb8 (33... Ke7) 34. Rxd5 (34. g4 $5) 34... Rxd5 35. Rxd5 b4 36. axb4 axb4
$19 37. Rd7+ Kf8 38. Rd2 Ke7 (38... b3) 39. Rb2 Kd6 (39... b3) 40. Ke3 Ke5 41.
g4 Rb7 (41... b3) 42. Rb3 h5 43. h3 hxg4 44. hxg4 Rb6 45. Kf3 Kd4 46. Ke2 Ke4 (
46... Kc4) 0-1

[Event "North Wales Congress Major"]
[Site "Llandudno"]
[Date "2019.06.23"]
[Round "4.36"]
[White "Lloyd, Stephen M"]
[Black "Rajagopal, Juan"]
[Result "1-0"]
[WhiteElo "1526"]
[BlackElo "1600"]
[Annotator "kemen"]
[PlyCount "69"]
[EventDate "2019.??.??"]

{[%evp 0,69,25,35,19,14,35,61,91,60,62,62,57,62,61,39,41,-14,-22,-16,-8,-24,-7,
-78,-97,-102,-102,-120,-149,-180,-176,-278,-295,-296,-281,-284,-284,-312,-307,
-369,-317,-274,-250,-246,-127,-117,-123,-114,-106,-129,-98,-123,-126,-130,-148,
-136,-158,-189,-104,-99,-72,-75,-86,-623,-47,-47,0,0,0,0,222,156]} 1. d4 Nf6 2.
Nf3 g6 3. Nc3 c5 4. d5 Bg7 5. e4 O-O 6. h3 d6 7. Be3 (7. Be2) (7. Bd3) 7... e6
(7... b5) (7... Qa5) 8. e5 $146 {B moves have been played before} Nxd5 9. Nxd5
exd5 10. Qxd5 dxe5 (10... Nc6 $15) 11. Rd1 (11. Qxc5 b6 12. Qb5 Bb7 $15 {Wh is
getting behind in development}) (11. O-O-O Qxd5 12. Rxd5 b6 $17 {likewise})
11... Qxd5 12. Rxd5 b6 $17 13. Bc4 Be6 $19 14. Ng5 b5 $1 15. Bxc5 bxc4 16. Nxe6
fxe6 17. Rd2 Rc8 {Bl is a clear piece up} 18. Bd6 Rd8 (18... c3 19. bxc3 e4)
19. O-O Bf8 (19... Nc6) 20. Rfd1 Bxd6 21. Rxd6 Rxd6 22. Rxd6 Kf7 23. Rd8 a5 (
23... Ke7 24. Rh8 Kd6) 24. Rc8 h5 25. Kf1 Ke7 26. Ke2 Kd7 27. Rg8 Kc7 28. Rxg6
Ra6 $19 (28... Nc6 $19) 29. Rg5 h4 30. Rxe5 Nc6 31. Kd2 {the next 2 moves look
like time pressure oversights} Kd6 32. Rh5 Ne5 33. Rxh4 Kd5 34. Rh5 Rd6 (34...
Kd6) 35. Ke3 $18 {Wh has now gathered enough pawns for the piece lost earlier}
(35. Kc3 $18) 1-0